| 000 | 00745pam a2200241 a 4500 | ||
|---|---|---|---|
| 005 | 20260322212025.0 | ||
| 008 | data | ||
| 010 | _a 93027861 | ||
| 020 |
_a1880032422 (acidfree paper) : _c{dollar}12.95 |
||
| 020 |
_a978-1880032428 (acid-free paper) : _c{dollar}12.95 |
||
| 040 |
_aDLC _cDLC _dDLC |
||
| 050 | 0 | 0 |
_aHB251 _b.C48 1993 |
| 082 | 0 | 0 |
_a330.1/6 _220 |
| 092 | _a330.1 C48 1993 | ||
| 100 | 1 | _aChopra, Deepak. | |
| 245 | 1 | 0 |
_aCreating affluence : _bwealth consciousness in the field of all possibilities / _cDeepak Chopra. |
| 260 |
_aSan Rafael, Calif. : _bNew World Library, _cc1993. |
||
| 300 |
_a104 p. ; _c20 cm. |
||
| 650 | 0 |
_aWealth _xMiscellanea. |
|
| 650 | 0 |
_aWealth _xPsychological aspects. |
|
| 650 | 0 | _aMeditation. | |
| 001 | data | ||
| 999 |
_c578 _d578 |
||